Normal view
MARC view
Entry Topical Term
001 - CONTROL NUMBER
- control field: 66875
003 - CONTROL NUMBER IDENTIFIER
- control field:
005 - DATE AND TIME OF LATEST TRANSACTION
- control field: 20250723150603.0
008 - FIXED-LENGTH DATA ELEMENTS
- fixed length control field: 250723|| aca||aabn | a|a d
040 ## - CATALOGING SOURCE
- Original cataloging agency:
- Transcribing agency:
150 ## - HEADING--TOPICAL TERM
- Topical term or geographic name entry element: Evangeliste
- Form subdivision: Nigeria
- General subdivision: Biography
670 ## - SOURCE DATA FOUND
- Source citation: Work cat.: ()32937: AMAEFULA, Nneoma Comfort aut 66873, Gods finger on a man :, 2013
